000 00333nam a2200145 i 4500
001 bg
100 1 _aKOCH, J.
245 0 _aTurbo C++ :
_bkompendium /
_cJ. Koch, M. Schusser.
260 _aMunchen,
_c1991.
700 1 _aSCHUSSER, M.
040 _cBPK
041 _apol
942 _cKS
008 s pl f |000 0 pol
999 _c29536
_d29536
856 _uhttp://koha.tu.koszalin.pl/cgi-bin/koha/opac-detail.pl?biblionumber=29536
_yKatalog online BPK